000 00684nam a2200241Ia 4500
003 OSt
005 20220927104121.0
006 a|||||r|||| 00| 0
007 ta
008 220926b |||||||| |||| 00| 0 eng d
024 _a69002
037 _cReference Collections
040 _aRTL
_cRTL
_beng
041 _2eng
_aeng
082 _a"X:513.59M.N8, M4/RR"
245 0 _aADVERTISING IN Western Europe
260 _aLondon
_bEuromonitor Publications
_c1984
300 _a233p
_ccm.
490 _aEuromonitor European Market Surveys
650 _aAdvertising
_9364355
942 _h"X:513.59M.N8, M4/RR"
_cCC
999 _c686194
_d686194